10 Closest Capitals to Anchorage Quiz Stats

 Plays Quiz Updated Aug 16, 2018

Challenge
Share
Tweet
Embed
Score 0/10 Timer 02:00
14 Plays Today
Capital % Correct
Washington, D.C.
94.7%
Ottawa
92.5%
Tokyo
91.7%
Mexico City
85%
Seoul
84.8%
Beijing
83.1%
Pyongyang
76.4%
Ulaanbaatar
42.9%
Reykjavik
42%
Oslo
41.5%

You're not logged in!

Compare scores with friends on all Sporcle quizzes.
OR
Log In

You Might Also Like...

Show Comments

Extras

Top Quizzes Today


Score Distribution

Your Account Isn't Verified!

In order to create a playlist on Sporcle, you need to verify the email address you used during registration. Go to your Sporcle Settings to finish the process.

Report this User

Report this user for behavior that violates our Community Guidelines.

Details: